Estudio crítico de las operaciones navales de Chile
Na minha lista:
| Autor principal: | |
|---|---|
| Formato: | Livro |
| Idioma: | espanhol |
| Publicado em: |
Santiago
Imprenta de la Armada
1929
|
| Edição: | 1a. ed |
| Assuntos: | |
| Tags: |
Adicionar Tag
Sem tags, seja o primeiro a adicionar uma tag!
|
MARC
| LEADER | 00000nam a2200000 a 4500 | ||
|---|---|---|---|
| 001 | UCJ4694 | ||
| 003 | CL-VaPUC | ||
| 008 | 070124e19290000CL |||||||||||||||||spa|d | ||
| 082 | 0 | 4 | |a 983 |b GAR |2 21 |
| 100 | |a García Castelblanco, Alejandro |e author |9 508837 | ||
| 245 | 1 | 0 | |a Estudio crítico de las operaciones navales de Chile |
| 250 | |a 1a. ed | ||
| 300 | |a 259 p | ||
| 942 | |c BK | ||
| 945 | |d 20070124 00:00:00 |a rinostro | ||
| 260 | |a Santiago |b Imprenta de la Armada |c 1929 | ||
| 500 | |a Láminas conforme con lo señalado en el índice. Dedicatoria del autor | ||
| 600 | 0 | |a Armada de Chile |9 340497 | |
| 600 | 0 | |a Cochrane, Thomas Alexander |9 438892 | |
| 600 | 0 | 7 | |a PRAT, ARTURO |2 CL-VaPUC |9 504328 |
| 600 | 0 | 7 | |a RIVEROS, GALVARINO |2 CL-VaPUC |9 504330 |
| 600 | 0 | 7 | |a WILLIAMS REBOLLEDO, JUAN |2 CL-VaPUC |9 438278 |
| 600 | 0 | 7 | |a CONDELL, CARLOS |2 CL-VaPUC |9 504620 |
| 650 | 0 | |a Historia naval |9 268284 | |
| 650 | 7 | |a OPERACIONES NAVALES |2 CL-VaPUC |9 494907 | |
| 650 | 7 | |a BATALLAS NAVALES |2 CL-VaPUC |9 441547 | |
| 650 | 0 | |a Guerra del Pacífico |9 314886 | |
| 650 | 0 | |a Guerra de la independencia |9 331979 | |
| 650 | 7 | |a GUERRA CON ESPAÑA |2 CL-VaPUC |9 504456 | |
| 650 | 0 | |a Bombardeo de Valparaíso |9 395266 | |
| 650 | 0 | |a Ilustraciones |9 369481 | |
| 650 | 0 | |a Mapas |9 260844 | |
| 650 | 0 | |a Historia de Chile |9 265473 | |
| 651 | 7 | |a IQUIQUE |2 CL-VaPUC |9 357757 | |
| 651 | 7 | |a PUNTA GRUESA |2 CL-VaPUC |9 504623 | |
| 651 | 0 | |a Chiloé |9 265209 | |
| 651 | 0 | |a Valparaíso, Chile |9 261144 | |
| 583 | |a last modification |c 20070124 00:00:00 |k Rodrigo Vera | ||
| 999 | |c 320810 |d 320808 | ||
| 952 | |0 0 |1 0 |4 0 |6 983_000000000000000_GAR_1929 |7 0 |8 X |9 399411 |a FDOBUD |b FDOBUD |d 2019-11-22 |i 1023535 |o 983 GAR 1929 |p 1023535 |r 2019-11-22 |w 2019-11-22 |y BK_X |k BUD | ||